Životná spokojnosť ako prediktor kvality života

Stručná teoretická analýza problematiky životnej spokojnosti vo väzbe na pracovnú spokojnosť a kvalitu života učiteľov.

Salvato in:
Dettagli Bibliografici
Autore principale: Pašková, Lucia
Altri autori: Valihorová, Marta
Natura: Capitolo di libro
Lingua:slovacco
Soggetti:
Tags: Aggiungi Tag
Nessun Tag, puoi essere il primo ad aggiungerne!!

MARC

LEADER 00000naa$a2200000$$$4500
001 0091892
005 20231010124757.4
041 0 |a slo 
044 |a SK 
245 1 0 |a Životná spokojnosť ako prediktor kvality života  |c Lucia Pašková, Marta Valihorová 
520 |a Stručná teoretická analýza problematiky životnej spokojnosti vo väzbe na pracovnú spokojnosť a kvalitu života učiteľov. 
610 2 0 |a učitelia 
610 2 0 |a spokojnosť v práci 
610 2 0 |a kvalita života 
610 2 0 |a stresy 
100 1 |a Pašková, Lucia 
700 1 |a Valihorová, Marta